00470 2200181 4500001002100000005001800021008004100039035002400080090002100104100002700125245002100152250001100173260003100184300003100215650001200246850001500258999001500273YOGYA-0211000000173620110202090201653 ind  0010-021100000001736 aDep 635.07 Kan B aKanisius, Aksi Agraris aBertanam sayuran aCet. 1 aYogyakartabKanisiusc1976 a122 hlm . ; ilus . ; 21 cm aSayuran aYOPDYOG[B] aD000000600